| 000 | 00000nam 2200000za 4500 |
| 001 | 9.816919 |
| 003 | CaOODSP |
| 005 | 20221107142345 |
| 007 | cr ||||||||||| |
| 008 | 160504s2008 xxc |o f|0| 0 eng d |
| 020 | |a978-1-100-10936-7 |
| 040 | |aCaOODSP|beng |
| 043 | |an-cn--- |
| 086 | 1 |aHP5-76/3-2008E-PDF |
| 110 | 2 |aPublic Health Agency of Canada. |bAudit Services Division. |
| 245 | 10|aAudit report |h[electronic resource] : |bon real property management. |
| 260 | |a[Ottawa] : |bPublic Health Agency of Canada, |c2008. |
| 300 | |a26 p. : |btables. |
| 500 | |aSeptember 2008. |
| 500 | |aIssued also in French under title: Rapport de vérification: sur la gestion des biens immobiliers. |
| 692 | 07|2gccst|aAudit |
| 775 | 08|tRapport de vérification |w(CaOODSP)9.816922 |
| 856 | 40|qPDF|s134 KB|uhttps://publications.gc.ca/collections/collection_2016/aspc-phac/HP5-76-3-2008-eng.pdf |